| 000 | 01258nam a2200313Ia 4500 | ||
|---|---|---|---|
| 001 | ebr10356628 | ||
| 003 | CaPaEBR | ||
| 006 | m u | ||
| 007 | cr cn||||||||| | ||
| 008 | 091030s2010 nyua sb 001 0 eng d | ||
| 010 | _z 2009044850 | ||
| 020 | _z9781606232590 (pbk. : alk. paper) | ||
| 020 | _z9781606235058 (hbk. : alk. paper) | ||
| 040 |
_aCaPaEBR _cCaPaEBR |
||
| 035 | _a(OCoLC)592756278 | ||
| 050 | 1 | 4 |
_aH62 _b.H477 2010eb |
| 082 | 0 | 4 |
_a001.4/2 _222 |
| 100 | 1 | _aHesse-Biber, Sharlene Nagy. | |
| 245 | 1 | 0 |
_aMixed methods research _h[electronic resource] : _bmerging theory with practice / _cSharlene Nagy Hesse-Biber. |
| 260 |
_aNew York : _bGuilford Press, _cc2010. |
||
| 300 |
_axiii, 242 p. : _bill. |
||
| 504 | _aIncludes bibliographical references and indexes. | ||
| 533 |
_aElectronic reproduction. _bPalo Alto, Calif. : _cebrary, _d2010. _nAvailable via World Wide Web. _nAccess may be limited to ebrary affiliated libraries. |
||
| 650 | 0 |
_aSocial sciences _xResearch _xMethodology. |
|
| 650 | 0 |
_aResearch _xMethodology. |
|
| 655 | 7 |
_aElectronic books. _2local |
|
| 710 | 2 | _aebrary, Inc. | |
| 856 | 4 | 0 |
_uhttp://site.ebrary.com/lib/rucke/Doc?id=10356628 _zAn electronic book accessible through the World Wide Web; click to view |
| 999 |
_c106136 _d106136 |
||